Statistiche per Matematica Veloce - Raddoppia i Numeri

Clicka qui per fare il quiz!

Statistiche generali

  • Questo quiz è stato fatto 1.792 volte
  • Il punteggio medio è 10 su 20

Statistiche sulle risposte

numerodoppio% Corretto
510
100%
50100
100%
5001000
100%
5011002
100%
5031006
100%
5051010
100%
5071014
100%
5081016
100%
5121024
100%
52104
100%
5211042
100%
5221044
100%
5291058
100%
5311062
100%
5361072
100%
5441088
100%
55110
100%
5501100
100%
5541108
100%
5551110
100%
5561112
100%
5761152
100%
5871174
100%
5891178
100%
5941188
100%
5951190
100%
5971194
100%
612
100%
60120
100%
6001200
100%
6011202
100%
6051210
100%
6071214
100%
6081216
100%
6101220
100%
6141228
100%
6221244
100%
6231246
100%
6331266
100%
6411282
100%
6461292
100%
6501300
100%
6591318
100%
6601320
100%
6691338
100%
67134
100%
6721344
100%
6741348
100%
68136
100%
6841368
100%
714
100%
70140
100%
7001400
100%
7071414
100%
71142
100%
7151430
100%
72144
100%
7201440
100%
7221444
100%
7241448
100%
7271454
100%
7301460
100%
7311462
100%
7361472
100%
74148
100%
7401480
100%
7411482
100%
7571514
100%
76152
100%
77154
100%
7821564
100%
7831566
100%
7841568
100%
7991598
100%
8001600
100%
8011602
100%
8031606
100%
8041608
100%
8071614
100%
8081616
100%
8091618
100%
8161632
100%
8201640
100%
8211642
100%
8221644
100%
8251650
100%
8291658
100%
83166
100%
8311662
100%
8321664
100%
8341668
100%
8351670
100%
84168
100%
8421684
100%
8481696
100%
85170
100%
86172
100%
8651730
100%
8671734
100%
8701740
100%
8791758
100%
8841768
100%
89178
100%
8961792
100%
918
100%
90180
100%
9081816
100%
9091818
100%
91182
100%
9121824
100%
9151830
100%
9171834
100%
92184
100%
9221844
100%
9261852
100%
9291858
100%
93186
100%
9321864
100%
9381876
100%
9411882
100%
9441888
100%
9451890
100%
9461892
100%
9661932
100%
97194
100%
98196
100%
9801960
100%
9871974
100%
99198
100%
100200
100%
102204
100%
103206
100%
104208
100%
105210
100%
107214
100%
108216
100%
110220
100%
112224
100%
113226
100%
118236
100%
119238
100%
120240
100%
121242
100%
122244
100%
127254
100%
1326
100%
130260
100%
131262
100%
134268
100%
143286
100%
145290
100%
147294
100%
148296
100%
1530
100%
151302
100%
153306
100%
155310
100%
159318
100%
1632
100%
160320
100%
161322
100%
163326
100%
167334
100%
168336
100%
171342
100%
1836
100%
180360
100%
197394
100%
199398
100%
2040
100%
201402
100%
204408
100%
207414
100%
210420
100%
213426
100%
214428
100%
215430
100%
218436
100%
219438
100%
2244
100%
220440
100%
223446
100%
224448
100%
226452
100%
228456
100%
2346
100%
231462
100%
232464
100%
235470
100%
2448
100%
241482
100%
242484
100%
246492
100%
249498
100%
250500
100%
255510
100%
260520
100%
261522
100%
262524
100%
263526
100%
266532
100%
268536
100%
2856
100%
290580
100%
298596
100%
3060
100%
300600
100%
302604
100%
304608
100%
305610
100%
306612
100%
311622
100%
315630
100%
322644
100%
330660
100%
331662
100%
333666
100%
334668
100%
336672
100%
337674
100%
3468
100%
340680
100%
341682
100%
342684
100%
344688
100%
349698
100%
353706
100%
360720
100%
3774
100%
373746
100%
380760
100%
391782
100%
400800
100%
405810
100%
4182
100%
411822
100%
414828
100%
417834
100%
418836
100%
4284
100%
424848
100%
429858
100%
431862
100%
436872
100%
440880
100%
441882
100%
444888
100%
445890
100%
4590
100%
450900
100%
454908
100%
4794
100%
470940
100%
473946
100%
477954
100%
479958
100%
485970
100%
488976
100%
4998
100%
490980
100%
492984
100%
493986
100%
5061012
88%
5111022
86%
7021404
86%
116232
86%
1938
86%
5451090
83%
8101620
83%
8121624
83%
106212
83%
245490
83%
403806
83%
5711142
80%
6301260
80%
6771354
80%
7121424
80%
7191438
80%
7981596
80%
8231646
80%
8371674
80%
9021804
80%
123246
80%
125250
80%
129258
80%
137274
80%
205410
80%
3978
80%
4386
80%
430860
80%
4896
80%
54108
75%
5641128
75%
5961192
75%
6021204
75%
6131226
75%
6531306
75%
6941388
75%
6991398
75%
7131426
75%
7141428
75%
7171434
75%
8061612
75%
8301660
75%
8401680
75%
9001800
75%
9101820
75%
9311862
75%
9511902
75%
9601920
75%
132264
75%
142284
75%
181362
75%
192384
75%
202404
75%
206412
75%
229458
75%
253506
75%
272544
75%
274548
75%
278556
75%
283566
75%
299598
75%
314628
75%
3264
75%
326652
75%
343686
75%
357714
75%
382764
75%
406812
75%
423846
75%
451902
75%
6061212
71%
6191238
71%
9341868
71%
141282
71%
313626
71%
413826
71%
452904
71%
5131026
67%
5201040
67%
5251050
67%
5261052
67%
5411082
67%
5431086
67%
5601120
67%
5991198
67%
6091218
67%
63126
67%
6351270
67%
64128
67%
7111422
67%
73146
67%
7451490
67%
7481496
67%
7491498
67%
75150
67%
7501500
67%
7581516
67%
7601520
67%
7701540
67%
7791558
67%
8051610
67%
8261652
67%
8281656
67%
8511702
67%
88176
67%
8911782
67%
9131826
67%
9831966
67%
101202
67%
109218
67%
115230
67%
135270
67%
154308
67%
158316
67%
1734
67%
176352
67%
178356
67%
182364
67%
184368
67%
203406
67%
209418
67%
211422
67%
212424
67%
217434
67%
247494
67%
264528
67%
301602
67%
3162
67%
321642
67%
358716
67%
394788
67%
397794
67%
416832
67%
421842
67%
428856
67%
434868
67%
435870
67%
4692
67%
468936
67%
481962
67%
486972
67%
5301060
60%
6431286
60%
6451290
60%
6631326
60%
7081416
60%
7331466
60%
7711542
60%
7721544
60%
7741548
60%
191382
60%
2550
60%
280560
60%
281562
60%
291582
60%
381762
60%
401802
60%
437874
60%
316632
57%
5041008
50%
5091018
50%
5151030
50%
5161032
50%
53106
50%
5331066
50%
5341068
50%
5521104
50%
5701140
50%
5741148
50%
5791158
50%
5811162
50%
5831166
50%
5861172
50%
5901180
50%
6031206
50%
6111222
50%
6121224
50%
6181236
50%
6201240
50%
6321264
50%
6341268
50%
6361272
50%
6441288
50%
6491298
50%
6511302
50%
6551310
50%
6561312
50%
6571314
50%
6581316
50%
66132
50%
6701340
50%
6711342
50%
6731346
50%
6801360
50%
6851370
50%
6881376
50%
69138
50%
6921384
50%
6931386
50%
7161432
50%
7281456
50%
7351470
50%
7381476
50%
7391478
50%
7421484
50%
7461492
50%
7471494
50%
7521504
50%
7541508
50%
7561512
50%
7591518
50%
7611522
50%
7631526
50%
7661532
50%
7801560
50%
7891578
50%
80160
50%
8021604
50%
8131626
50%
8141628
50%
8151630
50%
8191638
50%
8381676
50%
8391678
50%
8451690
50%
8561712
50%
8571714
50%
8641728
50%
87174
50%
8811762
50%
9011802
50%
9051810
50%
9331866
50%
94188
50%
9481896
50%
95190
50%
9501900
50%
9531906
50%
9581916
50%
96192
50%
9731946
50%
9761952
50%
9791958
50%
9811962
50%
9851970
50%
1122
50%
114228
50%
128256
50%
138276
50%
1428
50%
144288
50%
164328
50%
165330
50%
166332
50%
173346
50%
175350
50%
188376
50%
193386
50%
194388
50%
200400
50%
208416
50%
2142
50%
230460
50%
233466
50%
238476
50%
251502
50%
257514
50%
259518
50%
2652
50%
269538
50%
2754
50%
277554
50%
294588
50%
303606
50%
308616
50%
320640
50%
324648
50%
328656
50%
3366
50%
332664
50%
338676
50%
345690
50%
350700
50%
354708
50%
362724
50%
365730
50%
378756
50%
390780
50%
396792
50%
407814
50%
408816
50%
409818
50%
410820
50%
412824
50%
415830
50%
420840
50%
425850
50%
438876
50%
439878
50%
442884
50%
443886
50%
448896
50%
453906
50%
455910
50%
458916
50%
460920
50%
462924
50%
464928
50%
467934
50%
472944
50%
482964
50%
498996
50%
7051410
44%
325650
44%
5351070
43%
5371074
40%
5531106
40%
6261252
40%
7181436
40%
7641528
40%
7651530
40%
8881776
40%
8891778
40%
9071814
40%
9401880
40%
9641928
40%
1020
40%
169338
40%
225450
40%
293586
40%
375750
40%
484968
40%
5141028
33%
5171034
33%
5181036
33%
5231046
33%
5271054
33%
5391078
33%
5481096
33%
5491098
33%
5721144
33%
5801160
33%
59118
33%
6161232
33%
6211242
33%
6251250
33%
6311262
33%
6391278
33%
6471294
33%
6621324
33%
6671334
33%
6761352
33%
6781356
33%
6831366
33%
6961392
33%
7291458
33%
7531506
33%
7871574
33%
7921584
33%
7931586
33%
7961592
33%
8111622
33%
8181636
33%
8431686
33%
8491698
33%
8541708
33%
8581716
33%
8611722
33%
8801760
33%
8931786
33%
8951790
33%
9111822
33%
9211842
33%
9491898
33%
9521904
33%
9561912
33%
9691938
33%
9741948
33%
9941988
33%
140280
33%
149298
33%
157314
33%
177354
33%
186372
33%
187374
33%
195390
33%
198396
33%
221442
33%
222444
33%
227454
33%
234468
33%
243486
33%
252504
33%
258516
33%
265530
33%
271542
33%
275550
33%
288576
33%
292584
33%
307614
33%
364728
33%
372744
33%
374748
33%
385770
33%
387774
33%
395790
33%
398796
33%
399798
33%
402804
33%
433866
33%
447894
33%
449898
33%
471942
33%
478956
33%
495990
33%
499998
33%
6951390
29%
9891978
29%
5021004
25%
5101020
25%
5381076
25%
5921184
25%
6241248
25%
6481296
25%
6611322
25%
6641328
25%
6821364
25%
6911382
25%
6971394
25%
7621524
25%
7671534
25%
7941588
25%
8411682
25%
8461692
25%
8521704
25%
8621724
25%
8771754
25%
9241848
25%
156312
25%
190380
25%
282564
25%
319638
25%
346692
25%
351702
25%
367734
25%
379758
25%
426852
25%
446892
25%
461922
25%
463926
25%
489978
25%
497994
25%
5631126
20%
6661332
20%
6811362
20%
7231446
20%
7341468
20%
7691538
20%
9551910
20%
9571914
20%
9771954
20%
9861972
20%
361722
20%
371742
20%
459918
20%
7321464
17%
51102
0%
5191038
0%
5241048
0%
5281056
0%
5321064
0%
5401080
0%
5421084
0%
5461092
0%
5471094
0%
5511102
0%
5571114
0%
5581116
0%
5591118
0%
56112
0%
5611122
0%
5621124
0%
5651130
0%
5661132
0%
5671134
0%
5681136
0%
5691138
0%
57114
0%
5731146
0%
5751150
0%
5771154
0%
5781156
0%
58116
0%
5821164
0%
5841168
0%
5851170
0%
5881176
0%
5911182
0%
5931186
0%
5981196
0%
6041208
0%
61122
0%
6151230
0%
6171234
0%
62124
0%
6271254
0%
6281256
0%
6291258
0%
6371274
0%
6381276
0%
6401280
0%
6421284
0%
65130
0%
6521304
0%
6541308
0%
6651330
0%
6681336
0%
6751350
0%
6791358
0%
6861372
0%
6871374
0%
6891378
0%
6901380
0%
6981396
0%
7011402
0%
7031406
0%
7041408
0%
7061412
0%
7091418
0%
7101420
0%
7211442
0%
7251450
0%
7261452
0%
7371474
0%
7431486
0%
7441488
0%
7511502
0%
7551510
0%
7681536
0%
7731546
0%
7751550
0%
7761552
0%
7771554
0%
7781556
0%
78156
0%
7811562
0%
7851570
0%
7861572
0%
7881576
0%
79158
0%
7901580
0%
7911582
0%
7951590
0%
7971594
0%
816
0%
81162
0%
8171634
0%
82164
0%
8241648
0%
8271654
0%
8331666
0%
8361672
0%
8441688
0%
8471694
0%
8501700
0%
8531706
0%
8551710
0%
8591718
0%
8601720
0%
8631726
0%
8661732
0%
8681736
0%
8691738
0%
8711742
0%
8721744
0%
8731746
0%
8741748
0%
8751750
0%
8761752
0%
8781756
0%
8821764
0%
8831766
0%
8851770
0%
8861772
0%
8871774
0%
8901780
0%
8921784
0%
8941788
0%
8971794
0%
8981796
0%
8991798
0%
9031806
0%
9041808
0%
9061812
0%
9141828
0%
9161832
0%
9181836
0%
9191838
0%
9201840
0%
9231846
0%
9251850
0%
9271854
0%
9281856
0%
9301860
0%
9351870
0%
9361872
0%
9371874
0%
9391878
0%
9421884
0%
9431886
0%
9471894
0%
9541908
0%
9591918
0%
9611922
0%
9621924
0%
9631926
0%
9651930
0%
9671934
0%
9681936
0%
9701940
0%
9711942
0%
9721944
0%
9751950
0%
9781956
0%
9821964
0%
9841968
0%
9881976
0%
9901980
0%
9911982
0%
9921984
0%
9931986
0%
111222
0%
117234
0%
1224
0%
124248
0%
126252
0%
133266
0%
136272
0%
139278
0%
146292
0%
150300
0%
152304
0%
162324
0%
170340
0%
172344
0%
174348
0%
179358
0%
183366
0%
185370
0%
189378
0%
196392
0%
216432
0%
236472
0%
237474
0%
239478
0%
240480
0%
244488
0%
248496
0%
254508
0%
256512
0%
267534
0%
270540
0%
273546
0%
276552
0%
279558
0%
284568
0%
285570
0%
286572
0%
287574
0%
289578
0%
2958
0%
295590
0%
296592
0%
297594
0%
309618
0%
310620
0%
312624
0%
317634
0%
318636
0%
323646
0%
327654
0%
329658
0%
335670
0%
339678
0%
347694
0%
348696
0%
3570
0%
352704
0%
355710
0%
356712
0%
359718
0%
3672
0%
363726
0%
366732
0%
368736
0%
369738
0%
370740
0%
376752
0%
377754
0%
3876
0%
383766
0%
384768
0%
386772
0%
388776
0%
389778
0%
392784
0%
393786
0%
4080
0%
404808
0%
419838
0%
422844
0%
427854
0%
432864
0%
4488
0%
456912
0%
457914
0%
465930
0%
466932
0%
469938
0%
474948
0%
475950
0%
476952
0%
480960
0%
483966
0%
487974
0%
491982
0%
494988
0%
496992
0%

Distribuzione punteggi

Percentile per numero di risposta

Percentuale di utenti per punteggio

I tuoi punteggi nel tempo

Non hai fatto questo quiz